Logo BPK

Biblioteka

Politechniki Koszalińskiej

Kodeks zaleceń i praktyk do utrzymania dobrostanu kaczek / (Rekord nr 49144)

Szczegóły MARC
000 -ETYKIETA REKORDU
podpole kontrolne o stałej długości 01118nam a2200277 i 4500
001 - NUMER KONTROLNY REKORDU
pole kontrolne bg
020 ## - MIĘDZYNARODOWY ZNORMALIZOWANY NUMER KSIĄŻKI - ISBN
ISBN 8386264837
040 ## - ŹRÓDŁO KATALOGOWANIA
Instytucja, która utworzyła rekord BPK
041 0# - KOD JĘZYKA
Kod języka tekstu pol
044 ## - KOD KRAJU WYDAWCY/PRODUCENTA
Kod kraju wydawcy/producenta POL
080 ## - UNIWERSALNA KLASYFIKACJA DZIESIĘTNA - UKD
UKD 636.597.03(438:4-67)(083.1)
008 - POLE O STAŁEJ DŁUGOŚCI - DANE KONTROLNE
podpole kontrolne o stałej długości s pl f |000 0 pol
100 1# - NAZWA OSOBOWA
Nazwa osobowa Sobczak, Joanna.
245 00 - TYTUŁ/ODPOWIEDZIALNOŚĆ
Tytuł Kodeks zaleceń i praktyk do utrzymania dobrostanu kaczek /
Pozostałe elementy strefy tytułu i oznaczenia odpowiedzialności Joanna Sobczak, Tadeusz Waligóra ; Instytut Budownictwa, Mechanizacji i Elektryfikacji Rolnictwa ; [oprac. red. Elżbieta Bień].
260 ## - STREFA ADRESU WYDAWNICZEGO
Miejsce wydania Warszawa :
Nazwa wydawcy/dystrybutora IBMER,
Data publikacji, dystrybucji/powstania dokumentu 2003.
300 ## - STREFA OPISU FIZYCZNEGO
Objętość 22, [1] s. :
Inne cechy fizyczne rys. ;
Rozmiary 21x30 cm.
650 #9 - HASŁO PRZEDMIOTOWE W FORMIE NAZWY OGÓLNEJ LUB JEDNOSTKOWEJ
Nazwa ogólna lub geograficzna Kaczka domowa
Określnik ogólny hodowla
-- higiena
650 #9 - HASŁO PRZEDMIOTOWE W FORMIE NAZWY OGÓLNEJ LUB JEDNOSTKOWEJ
Nazwa ogólna lub geograficzna Harmonizacja prawa
Określnik geograficzny Polska
651 #9 - HASŁO PRZEDMIOTOWE W FORMIE NAZWY GEOGRAFICZNEJ
Nazwa geograficzna Polska
Określnik ogólny a Unia Europejska
-- rolnictwo
655 ## - TERMIN INDEKSOWY - OKREŚLENIE RODZAJU/FORMY DOKUMENTU
Określenie rodzaju/formy dokumentu Instrukcje
700 1# - HASŁO DODATKOWE - NAZWA OSOBOWA
Nazwa osobowa Waligóra, Tadeusz
700 1# - HASŁO DODATKOWE - NAZWA OSOBOWA
Nazwa osobowa Bień, Elżbieta.
Określenie związku między hasłem a opisywanym materiałem Oprac.
710 2# - HASŁO DODATKOWE - NAZWA CIAŁA ZBIOROWEGO
Nazwa ciała zbiorowego lub jednostki geograficznej Instytut Budownictwa, Mechanizacji i Elektryfikacji Rolnictwa (Warszawa).
856 ## - LOKALIZACJA I DOSTĘP DO ELEKTRONICZNYCH DOKUMENTÓW ZDALNYCH
Link (URL) http://koha.tu.koszalin.pl/cgi-bin/koha/opac-detail.pl?biblionumber=49144
Tekst linku Katalog online BPK
946 ## - DANE ZAMÓWIENIA
c 10,00
942 ## - DODATKOWE ELEMENTY (KOHA)
Typ dokumentu Katalog
Egzemplarze
Wycofany Status egzemplarza Uszkodzony Dostępność Lokalizacja stała Lokalizacja bieżąca Miejsce przechowywania Sygnatura Kod kreskowy Dział Typ dokumentu Numer ubytku
      Tylko na miejscu Biblioteka Politechniki Koszalińskiej Biblioteka Politechniki Koszalińskiej Czytelnia BG KC 3535 02203829 636 Chów i hodowla zwierząt domowych Katalog  
      Dostępny Biblioteka Politechniki Koszalińskiej Biblioteka Politechniki Koszalińskiej Wypożyczalnia BG KC 3536 02203836   Katalog  
  Egz. niedostępny   Niedostępny Biblioteka Politechniki Koszalińskiej Biblioteka Politechniki Koszalińskiej   KC 3537 02203843   Katalog 3009
© 2023 Biblioteka Politechniki Koszalińskiej :: KOHA